| 000 | 00396pab a2200145 454500 | ||
|---|---|---|---|
| 008 | 180718b2015 xxu||||| |||| 00| 0 eng d | ||
| 245 | _aAutomobile manufacturers, advertising and traffic safety in industry | ||
| 260 | _c2015 | ||
| 300 | _ap.28-30. | ||
| 362 | _a19 Dec | ||
| 650 | _aTransport safety | ||
| 650 | _aMotor vehicles | ||
| 773 | _aEconomic and Political Weekly | ||
| 909 | _a109747 | ||
| 999 |
_c109742 _d109742 |
||